Ajuste y empleo: notas sobre la precarización del empleo asalariado /

Збережено в:
Бібліографічні деталі
Автор: Mora Salas, Minor
Формат: Текст
Предмети:
Теги: Додати тег
Немає тегів, Будьте першим, хто поставить тег для цього запису!

MARC

LEADER 00000 a a2200000 04500
001 14516
003
040
100 |a Mora Salas, Minor  
245 |a Ajuste y empleo:   |b notas sobre la precarización del empleo asalariado /  |c Minor Mora Salas 
650 |a EMPLEO  
650 |a MERCADO DE TRABAJO  
650 |a TEORIA  
650 |a AJUSTE ESTRUCTURAL  
650 |a AMERICA LATINA  
773 |g número 108 (II); páginas 27-40  
999 |c 30191  |d 30191 
773 0 |0 18728  |9 3032  |a Universidad de Costa Rica  |d San José, Costa Rica Editorial UCR 1956-  |o 02389  |t Revista de Ciencias Sociales/  |x 04825276